000 00887nac a22002777a 4500
001 BR0804688
003 BR-BrBNA
005 20240105123627.0
008 230509b bl.|||m| |||| 00| 0 por d
040 _aBR-BrBNA
_bpor
_cBiblioteca Nacional de Agricultura
072 _aL02
090 _a6100 BR0804688
100 1 _aPedroso-de-Paiva, D.
110 1 _aEMBRAPA Suínos e Aves, Concórdia, SC (Brasil)
245 1 _aProdução de larvas de mosca para alimentação de galinhas e pássaros
260 3 _aConcórdia, SC (Brasil):
_c2001.
300 _a4 p.
490 _aComunicado Técnico - EMBRAPA Suínos e Aves (Brazil)
_vno. 269
_xISSN 0100-8862
650 _aAVE DOMÉSTICA
650 _aMOSCA DOMÉSTICA
650 _aLARVA
650 _aCRIAÇÃO MASSAL
650 _aNUTRIÇÃO ANIMAL
909 _a202312
_bLúcia Elande
_c55
_dLúcia Elande
942 _2AGRIS
_n0
_cMS
999 _c296282
_d296282